[Event "Kimry Summer op 63rd"]
[Site "Kimry"]
[Date "2012.06.09"]
[Round "3"]
[White "Vdovin, Vadim"]
[Black "Shidlovski, Yuri"]
[Result "1-0"]
[WhiteElo "2126"]
[BlackElo "1902"]
[PlyCount "41"]
[EventDate "2012.06.08"]
[EventType "swiss"]
[EventRounds "7"]
[EventCountry "RUS"]
[SourceTitle "EXT 2014"]
[Source "ChessBase"]
[SourceDate "2013.11.20"]
[SourceVersion "1"]
[SourceVersionDate "2013.11.20"]
[SourceQuality "1"]

1. e4 e6 2. Nf3 d5 3. e5 c5 4. b4 cxb4 5. a3 bxa3 6. Bxa3 Be7 7. Nc3 a6 8. Bxe7 Nxe7 9. Nb5 0-0 10. d4 Bd7 11. Nd6 Bc6 12. Bd3 g6 13. h4 Nc8 14. Nxc8 Qxc8 15. h5 Nd7 16. hxg6 hxg6 17. Qd2 f5 18. Qh6 Kf7 19. Ng5+ Ke7 20. Qg7+ Kd8 21. Rh7 1-0

[Event "Kimry-ch 60th"]
[Site "Kimry"]
[Date "2012.01.07"]
[Round "9"]
[White "Atamyradova, Zheren"]
[Black "Shidlovski, Yuri"]
[Result "1/2-1/2"]
[WhiteElo "1497"]
[BlackElo "1950"]
[PlyCount "46"]
[EventDate "2012.01.02"]
[EventType "swiss"]
[EventRounds "9"]
[EventCountry "RUS"]
[SourceTitle "CBM 146 Extra"]
[Source "ChessBase"]
[SourceDate "2012.02.29"]
[SourceVersion "1"]
[SourceVersionDate "2012.02.29"]
[SourceQuality "1"]

1. d4 d5 2. c4 c6 3. Nf3 e6 4. Bf4 Nf6 5. e3 Be7 6. Bd3 Nh5 7. Bxb8 Rxb8 8. Ne5 Nf6 9. 0-0 0-0 10. Nd2 g6 11. f4 Qe8 12. Ndf3 Nd7 13. Qe1 f6 14. Nxd7 Bxd7 15. c5 b6 16. b4 Qd8 17. Qg3 Be8 18. f5 exf5 19. Bxf5 Kh8 20. Bd3 bxc5 21. bxc5 g5 22. Qh3 Rf7 23. Nxg5 Rg7 1/2-1/2

[Event "Kimry-ch 60th"]
[Site "Kimry"]
[Date "2012.01.03"]
[Round "3"]
[White "Protasov, Sergey"]
[Black "Shidlovski, Yuri"]
[Result "1/2-1/2"]
[WhiteElo "1582"]
[BlackElo "1950"]
[PlyCount "90"]
[EventDate "2012.01.02"]
[EventType "swiss"]
[EventRounds "9"]
[EventCountry "RUS"]
[SourceTitle "CBM 146 Extra"]
[Source "ChessBase"]
[SourceDate "2012.02.29"]
[SourceVersion "1"]
[SourceVersionDate "2012.02.29"]
[SourceQuality "1"]

1. e4 e6 2. d4 d5 3. Nd2 Be7 4. e5 c5 5. c3 Nc6 6. Ne2 f6 7. exf6 Nxf6 8. Nf3 c4 9. g3 0-0 10. Bh3 Bd6 11. 0-0 Ne4 12. Bf4 Bxf4 13. Nxf4 Qf6 14. Nd2 Ng5 15. Bg2 Bd7 16. h4 Nf7 17. Re1 g5 18. Qg4 Rad8 19. Nh3 e5 20. hxg5 Qg6 21. Qe2 e4 22. Nf4 Qxg5 23. Nf1 Bg4 24. Qd2 Ne7 25. Ne3 Bc8 26. Qc2 h5 27. Bh3 h4 28. Kg2 hxg3 29. fxg3 Rd6 30. Bxc8 Nxc8 31. Nexd5 Rxd5 32. Nxd5 Qxd5 33. Qxe4 Ne7 34. Qxd5 Nxd5 35. Re4 Rd8 36. Rg4+ Kf8 37. Kf3 Re8 38. Rh1 Re3+ 39. Kf2 Rd3 40. Ke2 Re3+ 41. Kf2 Rd3 42. Ke2 Re3+ 43. Kf2 Rd3 44. Ke2 Re3+ 45. Kf2 Rd3 1/2-1/2

[Event "Kimry Spring op"]
[Site "Kimry"]
[Date "2011.05.02"]
[Round "7"]
[White "Shidlovski, Yuri"]
[Black "Nikanorov, Vladimir"]
[Result "1/2-1/2"]
[WhiteElo "1955"]
[BlackElo "1724"]
[PlyCount "143"]
[EventDate "2011.04.29"]
[EventType "swiss"]
[EventRounds "8"]
[EventCountry "RUS"]
[SourceTitle "CBM 142 Extra"]
[Source "ChessBase"]
[SourceDate "2011.06.27"]
[SourceVersion "1"]
[SourceVersionDate "2011.06.27"]
[SourceQuality "1"]

1. d4 Nf6 2. c4 c5 3. Nf3 cxd4 4. Nxd4 e6 5. Nc3 a6 6. g3 Be7 7. Bg2 0-0 8. 0-0 Qc7 9. Qd3 d6 10. b3 Bd7 11. Bb2 Nc6 12. Rad1 Ne5 13. Qd2 Rfe8 14. Ne4 h6 15. Qf4 Ng6 16. Qd2 Rad8 17. Rc1 Bc8 18. Nc2 Nh7 19. Qc3 Bf8 20. b4 d5 21. cxd5 Qxc3 22. Nxc3 exd5 23. e3 Be6 24. Rfd1 Nf6 25. a3 Ne5 26. Rd4 Nc4 27. Ba1 Nb6 28. Rcd1 Rc8 29. Ne1 Red8 30. e4 Bd6 31. f4 Bb8 32. R4d3 Bg4 33. Bf3 Bxf3 34. Nxf3 Ba7 35. Kf1 Nc4 36. Ke2 Nxa3 37. e5 Ne8 38. Rxd5 Rxd5 39. Nxd5 Rc2+ 40. Rd2 Rxd2+ 41. Kxd2 Nb5 42. Kd3 Nbc7 43. Nxc7 Nxc7 44. Ke4 Kf8 45. Nd2 Bg1 46. h3 Bf2 47. g4 Be1 48. Bc3 Nb5 49. Kd3 Bg3 50. Ne4 Bxf4 51. Bb2 Ke7 52. Nc5 Na7 53. Nxb7 Nc6 54. Ba3 Ke6 55. Nc5+ Kd5 56. Nxa6 Nxe5+ 57. Kc3 Nc4 58. Kb3 Nxa3 59. Kxa3 Bd6 60. Ka4 h5 61. b5 hxg4 62. hxg4 f6 63. Kb3 g6 64. Kc3 f5 65. gxf5 gxf5 66. Kd3 f4 67. Ke2 Ke4 68. b6 Kd4 69. b7 Kd5 70. b8Q Bxb8 71. Nxb8 Kd6 72. Kf3 1/2-1/2

[Event "Kimry Autumn"]
[Site "Kimry"]
[Date "2010.09.01"]
[Round "7"]
[White "Shidlovski, Yuri"]
[Black "Bik Mukhamedov, Mikhail"]
[Result "1-0"]
[WhiteElo "1954"]
[BlackElo "1881"]
[PlyCount "61"]
[EventDate "2010.08.29"]
[EventType "swiss"]
[EventRounds "7"]
[EventCountry "RUS"]
[SourceTitle "EXT 2022"]
[Source "ChessBase"]
[SourceDate "2021.10.06"]
[SourceVersion "1"]
[SourceVersionDate "2021.10.06"]
[SourceQuality "1"]

1. d4 d5 2. c4 c6 3. Nc3 e6 4. Bf4 Bd6 5. Bxd6 Qxd6 6. c5 Qc7 7. Nf3 Nd7 8. e3 f5 9. Ng5 Ngf6 10. Nxe6 Qa5 11. Nxg7+ Kf7 12. Nxf5 Ne4 13. Nd6+ Nxd6 14. cxd6 Nf6 15. Bd3 Rg8 16. g3 Qb4 17. Qc2 Bg4 18. Be2 Bh3 19. Rg1 Ne4 20. Bf3 Ng5 21. Be2 Rad8 22. 0-0-0 Ke6 23. e4 dxe4 24. Nxe4 Bf5 25. Nc5+ Kf6 26. Qc3 Qxc3+ 27. bxc3 Rge8 28. g4 Bc8 29. Rde1 Nh3 30. Rgf1 Nf4 31. Kd2 1-0

[Event "Kimry Winter"]
[Site "Kimry"]
[Date "2010.01.26"]
[Round "8"]
[White "Kobozeva, Viktoria"]
[Black "Shidlovski, Yuri"]
[Result "1-0"]
[WhiteElo "1580"]
[BlackElo "1994"]
[PlyCount "143"]
[EventDate "2010.01.23"]
[EventType "swiss"]
[EventRounds "8"]
[EventCountry "RUS"]
[SourceTitle "EXT 2022"]
[Source "ChessBase"]
[SourceDate "2021.10.06"]
[SourceVersion "1"]
[SourceVersionDate "2021.10.06"]
[SourceQuality "1"]

1. e4 e6 2. d4 d5 3. Nd2 c5 4. c3 Nc6 5. Ngf3 Qb6 6. exd5 exd5 7. Qe2+ Be6 8. Qb5 Bd6 9. Qxb6 axb6 10. Bd3 Nf6 11. 0-0 0-0 12. Re1 Rfe8 13. h3 Bd7 14. Rxe8+ Rxe8 15. Nf1 c4 16. Bc2 b5 17. a3 Ra8 18. Bd2 b4 19. cxb4 Nxb4 20. Bxb4 Bxb4 21. Rd1 Bd6 22. Ne3 Bf4 23. Nf5 Re8 24. Ng3 b5 25. Kf1 Rb8 26. Ne2 Bd6 27. Ne5 Be8 28. Rb1 b4 29. axb4 Bxb4 30. b3 c3 31. Ra1 g6 32. Ke1 Ne4 33. Nf4 Nf6 34. Ne2 Bb5 35. Ra7 Ne4 36. Nf4 Bd6 37. Nxd5 Bxe5 38. dxe5 Re8 39. Bxe4 Rxe5 40. Nxc3 Bc6 41. f3 f5 42. Rc7 Bxe4 43. fxe4 fxe4 44. Ke2 g5 45. Ke3 h5 46. Nxe4 Rb5 47. Nf6+ Kf8 48. Rc3 h4 49. Ng4 Kf7 50. Kd4 Ke6 51. Kc4 Rf5 52. b4 Kd6 53. b5 Kc7 54. Rb3 Kc8 55. Ne3 Rf4+ 56. Kc3 Rf8 57. Nd5 Kb7 58. Ne3 Re8 59. Nc2 Kb6 60. Na3 Re2 61. Rb2 Re3+ 62. Kb4 Re4+ 63. Nc4+ Kc7 64. b6+ Kc6 65. Kc3 Kc5 66. Nd2 Re3+ 67. Kc2 Re8 68. b7 Rb8 69. Ne4+ Kc6 70. Nxg5 Rxb7 71. Rxb7 Kxb7 72. Kd3 1-0

[Event "Kimry Winter"]
[Site "Kimry"]
[Date "2010.01.24"]
[Round "4"]
[White "Shidlovski, Yuri"]
[Black "Dementieva, Julia"]
[Result "1-0"]
[WhiteElo "1994"]
[BlackElo "1609"]
[PlyCount "111"]
[EventDate "2010.01.23"]
[EventType "swiss"]
[EventRounds "8"]
[EventCountry "RUS"]
[SourceTitle "EXT 2022"]
[Source "ChessBase"]
[SourceDate "2021.10.06"]
[SourceVersion "1"]
[SourceVersionDate "2021.10.06"]
[SourceQuality "1"]

1. d4 d5 2. c4 e6 3. Nc3 Nf6 4. Bg5 Bb4 5. Qb3 Be7 6. cxd5 exd5 7. Bxf6 Bxf6 8. Nxd5 Be6 9. Nxf6+ Qxf6 10. Qxb7 Qxd4 11. e3 Qd5 12. Bb5+ Kf8 13. Qxd5 Bxd5 14. Nf3 Ke7 15. 0-0 Rd8 16. Rfd1 Be6 17. b3 Rxd1+ 18. Rxd1 Bg4 19. Rd4 Be6 20. Ng5 h6 21. Nxe6 fxe6 22. Re4 Nd7 23. Bc4 Nc5 24. Rd4 Rb8 25. f3 Rf8 26. Kf2 Rf6 27. Ke2 Rf5 28. e4 Rg5 29. g3 Rg6 30. a4 a5 31. f4 c6 32. Ke3 Rf6 33. e5 Rf8 34. Rd6 Rc8 35. Kd4 Nb7 36. Rxe6+ Kf8 37. Ke3 Nc5 38. Rd6 Ke7 39. Rg6 Ke8 40. f5 Rc7 41. g4 Nb7 42. h4 Nd8 43. g5 hxg5 44. hxg5 Re7 45. Kf4 Rd7 46. Rd6 Rxd6 47. exd6 Nb7 48. Ke5 Nc5 49. f6 Nd7+ 50. Kf5 gxf6 51. gxf6 Nc5 52. Be6 Nb7 53. d7+ Kf8 54. Ke5 Nd8 55. Kd6 Nb7+ 56. Kc7 1-0

[Event "Kimry Spring op 44th"]
[Site "Kimry"]
[Date "2009.04.13"]
[Round "5"]
[White "Shidlovski, Yuri"]
[Black "Asrian, Armen"]
[Result "0-1"]
[WhiteElo "1994"]
[BlackElo "2189"]
[PlyCount "152"]
[EventDate "2009.04.13"]
[EventType "swiss"]
[EventRounds "7"]
[EventCountry "RUS"]
[SourceTitle "EXT 2022"]
[Source "ChessBase"]
[SourceDate "2021.10.06"]
[SourceVersion "1"]
[SourceVersionDate "2021.10.06"]
[SourceQuality "1"]

1. d4 Nf6 2. Bf4 b5 3. e3 Bb7 4. Nf3 a6 5. c4 c6 6. Bd3 d6 7. b3 Nbd7 8. Qe2 g6 9. e4 Bg7 10. e5 Nh5 11. Bd2 dxe5 12. dxe5 Nc5 13. Bc2 Ne6 14. g3 0-0 15. 0-0 Bh8 16. Bc3 Qb6 17. Nbd2 Rfd8 18. Rad1 c5 19. Be4 Nhg7 20. Bxb7 Qxb7 21. Ne4 Nf5 22. Rxd8+ Rxd8 23. Nfg5 Ned4 24. Qg4 Qc6 25. Bxd4 Rxd4 26. cxb5 axb5 27. Qf3 Bxe5 28. g4 f6 29. gxf5 fxg5 30. fxg6 hxg6 31. Nxg5 Qxf3 32. Nxf3 Rg4+ 33. Kh1 Bd6 34. Re1 Rf4 35. Kg2 Kg7 36. h3 c4 37. bxc4 Rxc4 38. Ne5 Rc2 39. Nd3 Rxa2 40. Rb1 Ra5 41. Rb2 Kf6 42. Kf3 Ba3 43. Rb3 Bd6 44. Rb2 Ra3 45. Ke2 Ra5 46. f3 Ke6 47. Kd2 Kd5 48. Ke3 Kc4 49. Rc2+ Kb3 50. Rb2+ Kc3 51. Rg2 b4 52. Rxg6 b3 53. Rg2 Ra2 54. Rg8 b2 55. Rc8+ Kb3 56. Nxb2 Rxb2 57. f4 Rh2 58. Rh8 Kc4 59. Rh5 Bc5+ 60. Ke4 Re2+ 61. Kf5 Kd5 62. h4 Rg2 63. Rh6 Bd6 64. Rh5 Rg8 65. Rg5 Rf8+ 66. Kg6+ Ke4 67. f5 Rf6+ 68. Kg7 Rxf5 69. Rg4+ Bf4 70. Kg6 Rf6+ 71. Kg7 Kf5 72. Rg2 e5 73. h5 e4 74. Rb2 e3 75. Rb5+ Be5 76. Rb1 Rb6+ 0-1

[Event "Kimry Winter op 41st"]
[Site "Kimry"]
[Date "2008.11.23"]
[Round "6"]
[White "Markov, Mikhail1111"]
[Black "Shidlovski, Yuri"]
[Result "0-1"]
[WhiteElo "1925"]
[BlackElo "2017"]
[PlyCount "64"]
[EventDate "2008.11.15"]
[EventType "swiss"]
[EventRounds "7"]
[EventCountry "RUS"]
[SourceTitle "EXT 2022"]
[Source "ChessBase"]
[SourceDate "2021.10.06"]
[SourceVersion "1"]
[SourceVersionDate "2021.10.06"]
[SourceQuality "1"]

1. e4 c5 2. f4 e6 3. Nc3 Nc6 4. Bb5 Qc7 5. d3 a6 6. Bxc6 Qxc6 7. Nf3 d5 8. exd5 exd5 9. 0-0 d4 10. Ne4 Bg4 11. h3 Bf5 12. Re1 0-0-0 13. Ne5 Qc7 14. Nc4 Nf6 15. Nxf6 gxf6 16. Bd2 b5 17. Ba5 Qc6 18. Bxd8 Kxd8 19. Nd2 Rg8 20. g4 h5 21. Qf3 Qxf3 22. Nxf3 hxg4 23. Nh4 Be6 24. f5 Bd5 25. Kh2 Bd6+ 26. Kg1 Bg3 27. Re2 Bxh4 28. Kf1 g3 29. Kg1 Bf3 30. Ree1 g2 31. Reb1 Bg3 32. a3 Rh8 0-1

[Event "Kimry Winter op 41st"]
[Site "Kimry"]
[Date "2008.11.16"]
[Round "3"]
[White "Bik Mukhamedov, Mikhail"]
[Black "Shidlovski, Yuri"]
[Result "0-1"]
[WhiteElo "1893"]
[BlackElo "2017"]
[PlyCount "102"]
[EventDate "2008.11.15"]
[EventType "swiss"]
[EventRounds "7"]
[EventCountry "RUS"]
[SourceTitle "EXT 2022"]
[Source "ChessBase"]
[SourceDate "2021.10.06"]
[SourceVersion "1"]
[SourceVersionDate "2021.10.06"]
[SourceQuality "1"]

1. e4 c5 2. Nf3 e6 3. d4 cxd4 4. Nxd4 a6 5. Nc3 Qc7 6. Be2 Nf6 7. Be3 Bb4 8. Qd3 d5 9. exd5 Nxd5 10. Bd2 Nxc3 11. Bxc3 Bxc3+ 12. Qxc3 Qxc3+ 13. bxc3 e5 14. Nb3 b6 15. 0-0-0 Ke7 16. Rd3 f6 17. f3 Rd8 18. Rxd8 Kxd8 19. Rd1+ Ke7 20. Bd3 f5 21. Nd2 b5 22. c4 b4 23. Kb2 Nc6 24. Re1 Kd6 25. Nb3 Be6 26. Re2 a5 27. Rd2 Kc7 28. Nc5 Bc8 29. Bf1 Nd4 30. Nd3 Kd6 31. c3 bxc3+ 32. Kxc3 Nc6 33. Nb4+ Kc7 34. Nd5+ Kb7 35. Rb2+ Ka7 36. Nc7 Rb8 37. Nb5+ Ka8 38. Rd2 a4 39. Rd6 Ne7 40. Kb4 Kb7 41. Kxa4 Nc6 42. Rd2 Ra8+ 43. Kb3 Kb6 44. a4 Be6 45. Rd6 Bg8 46. Bd3 g6 47. Ka3 Kc5 48. Rd7 Bxc4 49. Bxc4 Kxc4 50. Rd2 Nd4 51. Nd6+ Kc3 0-1

[Event "Kimry Winter op 41st"]
[Site "Kimry"]
[Date "2008.11.15"]
[Round "1"]
[White "Mikhailov, Ivan"]
[Black "Shidlovski, Yuri"]
[Result "0-1"]
[WhiteElo "1890"]
[BlackElo "2017"]
[PlyCount "76"]
[EventDate "2008.11.15"]
[EventType "swiss"]
[EventRounds "7"]
[EventCountry "RUS"]
[SourceTitle "EXT 2022"]
[Source "ChessBase"]
[SourceDate "2021.10.06"]
[SourceVersion "1"]
[SourceVersionDate "2021.10.06"]
[SourceQuality "1"]

1. d4 d5 2. c4 e6 3. Nc3 Nf6 4. Bg5 Nbd7 5. cxd5 exd5 6. e3 c6 7. Bd3 Be7 8. Nf3 0-0 9. 0-0 Ne4 10. Nxe4 dxe4 11. Bxe4 Bxg5 12. Qd3 g6 13. Nxg5 Qxg5 14. f4 Qe7 15. Bf3 f5 16. d5 cxd5 17. Bxd5+ Kg7 18. Rad1 Nf6 19. Qc3 h6 20. Rfe1 Kh7 21. Qb3 Nxd5 22. Rxd5 Be6 23. Re5 Bxb3 24. Rxe7+ Rf7 25. Rxf7+ Bxf7 26. Rd1 Be6 27. a3 Kg7 28. Kf2 Kf7 29. Ke1 Ke7 30. Rd4 Rd8 31. Rxd8 Kxd8 32. Kd2 Ke7 33. Kd3 Bd5 34. g3 Kd6 35. Kd4 b6 36. b4 Bg2 37. Kc4 a6 38. Kd4 Bf3 0-1

[Event "Kimry Autumn op 40th"]
[Site "Kimry"]
[Date "2008.09.07"]
[Round "6"]
[White "Asrian, Armen"]
[Black "Shidlovski, Yuri"]
[Result "1-0"]
[WhiteElo "2160"]
[BlackElo "2032"]
[PlyCount "121"]
[EventDate "2008.08.31"]
[EventType "swiss"]
[EventRounds "7"]
[EventCountry "RUS"]
[SourceTitle "EXT 2022"]
[Source "ChessBase"]
[SourceDate "2021.10.06"]
[SourceVersion "1"]
[SourceVersionDate "2021.10.06"]
[SourceQuality "1"]

1. e4 e5 2. Nf3 Nc6 3. Bb5 a6 4. Ba4 Nf6 5. 0-0 Be7 6. Re1 d6 7. h3 0-0 8. c3 Re8 9. d4 b5 10. Bb3 Na5 11. Bc2 Nc6 12. a4 Bb7 13. Nbd2 Nd7 14. Nf1 Bf6 15. d5 Na7 16. g4 g6 17. g5 Be7 18. Be3 c5 19. N1h2 Nb6 20. Ng4 Bc8 21. Kg2 Nc4 22. Bc1 Rf8 23. b3 Nb6 24. a5 Nd7 25. b4 Kg7 26. Rh1 Rh8 27. Be3 Nf8 28. bxc5 Bxg4 29. hxg4 dxc5 30. Nxe5 Bxg5 31. Bxc5 Nd7 32. Nxd7 Qxd7 33. Bd4+ f6 34. Qf3 Raf8 35. Qg3 Nc8 36. f4 h6 37. fxg5 hxg5 38. Rxh8 Rxh8 39. Rh1 Rxh1 40. Kxh1 Qe7 41. Qf3 Qd6 42. Kg2 Ne7 43. Qe3 Kf7 44. Bc5 Qe5 45. Qg3 Qf4 46. Qxf4 gxf4 47. d6 Nc6 48. Bb3+ Ke8 49. Be6 Ne5 50. Bc8 Nd7 51. Bb6 Nb8 52. Bc7 Nc6 53. Bxa6 Na7 54. Bb7 Kd7 55. Bb8 Nc6 56. Bxc6+ Kxc6 57. a6 g5 58. a7 Kb7 59. d7 f5 60. d8Q fxe4 61. Qc7+ 1-0